000 00620nam a22001937a 4500
999 _c169939
_d169939
005 20191209120350.0
010 _aB-245227
020 _c240.00
_a-
035 _aB-245227
037 _bBPPD
082 _a070.172
100 _aا نو ا ر ا حمد
245 _aمو لا نا آ ز ا د کی اد بی صحا فت
_cا نو ا ر ا حمد
246 _aMoulana Azad ki Adabi Sahafat
_bby Dr. Anwar Ahmed
260 _aBihar
_c2006 ء
_bKhuda Bakhsh Oriental Public Library
270 _aPatna
_bPatna(Bihar)
_k-
_e4
300 _a387 ص
_c22 cm(hb)
942 _2ddc
_cUR
_h070.172
_mا ب و